WORLD RECORD BOOK 2018 (Record no. 11177)

MARC details
000 -LEADER
fixed length control field 00250nam a22000977a 4500
008 - FIXED-LENGTH DATA ELEMENTS--GENERAL INFORMATION
fixed length control field 181008b ||||| |||| 00| 0 eng d
020 ## - INTERNATIONAL STANDARD BOOK NUMBER
International Standard Book Number 9781910561713
100 ## - MAIN ENTRY--PERSONAL NAME
Personal name GUINNESS
9 (RLIN) 6936
245 ## - TITLE STATEMENT
Title WORLD RECORD BOOK 2018
260 ## - PUBLICATION, DISTRIBUTION, ETC. (IMPRINT)
Name of publisher, distributor, etc. Penguin Publication
Date of publication, distribution, etc. 2018
Holdings
Withdrawn status Lost status Source of classification or shelving scheme Damaged status Koha normalized classification for sorting Not for loan Home library Current library Shelving location Date acquired Total Checkouts Full call number Barcode Date last seen Price effective from Koha item type
    Dewey Decimal Classification   DAU_032_020000000000000   Good Samaritan School Library Good Samaritan School Library General Knowledge 10/08/2018   DAU032.02 DAU15168 10/08/2018 10/08/2018 Reference

Powered by Koha